Loreto College Library, Kolkata
WEBOPAC (ONLINE PUBLIC ACCESS CATALOGUE)

Remarking higher education (Record no. 37234)

MARC details
000 -LEADER
fixed length control field 00582nam a2200205Ia 4500
008 - FIXED-LENGTH DATA ELEMENTS--GENERAL INFORMATION
fixed length control field 140110s9999 xx 000 0 und d
020 ## - ISBN | অাই এস বি এন
ISBN | অাই এস বি এন 9788172239121
PRICE Rs.275.00
040 ## - CATALOGING SOURCE
Original cataloging agency Loreto College
041 ## - LANGUAGE CODE
Language code English
082 ## - DDC | ডিউই
Classification number | বর্গসংখ্যা 378/SIN
Book Number | গ্রন্থাঙ্ক LCLIB/48556
100 ## - MAIN ENTRY--PERSONAL NAME | মুখ্য সংলেখ - ব্যাক্তিনাম
Personal name | ব্যাক্তিনাম Singh, Amrik
245 ## - TITLE STATEMENT | অাখ্যা বিবরণী
Title | অাখ্যা Remarking higher education
Sub title | উপঅাখ্যা Essays in dissent
Statement of responsibility | লেখকের দায়িত্বের বিবরণ Amrik Singh
260 ## - IMPRINT | প্রকাশনা ক্ষেত্র
Place of publication | প্রকাশ স্থান New Delhi
Name of publisher | প্রকাশকের নাম Harper-Collins Publishers India
Date of publication | প্রকাশ কাল 2009
300 ## - PHYSICAL DESCRIPTION |
Page / Vol. No | পৃষ্ঠা / খন্ড সংখ্যা 196p.
504 ## - BIBLIOGRAPHY, ETC. NOTE
Bibliography, etc Includes appendix
650 ## - SUBJECT ADDED ENTRY--TOPICAL TERM | বিষয় শিরোনাম - মূল বিষয়
Topical term | মূল বিষয় Education
651 ## - SUBJECT ADDED ENTRY--GEOGRAPHIC NAME | বিষয় শিরোনাম - ভৌগলিক নাম
Geographic name | ভৌগলিক বিষয় Higher Education
850 ## - HOLDING INSTITUTION
Holding institution LCLIB/378/SIN
942 ## - ADDED ENTRY ELEMENTS (KOHA)
Koha item type Books
Holdings
Withdrawn status Lost status Damaged status Not for loan Home library Current library Date acquired Total Checkouts Full call number Accession No. Date last seen Price effective from Koha item type
        Loreto College Loreto College 04/11/2013   378/SIN LCLIB/48556 B40403 04/11/2013 04/11/2013 Books